RRIM 700 series clones trials (Second and third selections) : Eighth report (Record no. 67332)

MARC details
000 -LEADER
fixed length control field 00281nam a2200097Ia 4500
245 #0 - TITLE STATEMENT
Title RRIM 700 series clones trials (Second and third selections) : Eighth report
260 ## - PUBLICATION, DISTRIBUTION, ETC. (IMPRINT)
Name of publisher Planters Bulletin
Year of publication 1975
300 ## - PHYSICAL DESCRIPTION
Number of Pages 66-73
942 ## - ADDED ENTRY ELEMENTS (KOHA)
Koha item type Journals
Holdings
Withdrawn status Lost status Damaged status Not for loan Home library Current library Shelving location Date acquired Serial Enumeration / chronology Koha item type
      Journals RRII Library RRII Library Botany 17/12/2021 Volume 138, Issue Journals